| 000 | 00420nam a2200181Ia 4500 | ||
|---|---|---|---|
| 001 | 24930 | ||
| 005 | 20260414151116.0 | ||
| 008 | 260414t2002||||xx |||||||||||||| ||spa|| | ||
| 041 | _aESP | ||
| 082 |
_a346C4 _bT75 |
||
| 100 |
_aTorres Vásquez, Aníbal _eAUT |
||
| 245 | 0 |
_aCódigo civil _b |
|
| 260 | _c2002 | ||
| 300 |
_a1079 páginas : _c24 cm. |
||
| 650 | _aDER | ||
| 654 | _aCDE | ||
| 942 |
_cLIB _dJUS _fJUS _2ddc _n |
||
| 999 |
_c24930 _d24930 |
||